Pokémon Sauvages - Kalos Côtes - Statistiques

Statistiques générales
  • Ce quiz a été pris 28 fois
  • Le résultat moyen est 107 sur 176
Statistiques - réponses
Lieux Pokémon % Correct
(fleurs jaunes) | Route 10 Route Menhir Évoli
100%
Grotte Étincelante Machoc
100%
Onix
100%
Kangourex
89%
Y Venalgue
89%
(hordes) 4 Nidoran♂ et 1 Nidoran♀
78%
Y 4 Séviper et 1 Mangriff
78%
Brutalibré
78%
(embuscade depuis plafond) Chovsourir
78%
X Flingouste
78%
Galvaran
78%
Gringolem
78%
Route 9 Piste Piquante(embuscade au sol) Hippopotas
78%
Kungfouine
78%
(pêche) Lovdisc
78%
Opermine
78%
Rhinocorne
78%
Séléroc
78%
Y Séviper
78%
Solaroc
78%
Wailmer
78%
4 Écrémeuh et 1 Tauros
67%
X 4 Mangriff et 1 Séviper
67%
(hordes) 4 Tauros et 1 Écrémeuh
67%
(éclate-roc) Crabicoque
67%
Cryptéro
67%
Dedenne
67%
Draby
67%
Y Dynavolt
67%
Écrémeuh
67%
X Gamblast
67%
Goélise
67%
Grindur
67%
Hypotrempe
67%
Y Kravarech
67%
X Malosse
67%
X Mangriff
67%
Mascaïman
67%
Mysdibule
67%
Nidorina
67%
Route 11 Chemin Miroir Nidorino
67%
Noeunoeuf
67%
Osselait
67%
Relicanth
67%
Sepiatop
67%
Strassie
67%
Tauros
67%
(sur l'eau) | Relifac-le-Haut(sur l'eau) | Roche-sur-Gliffe(sur l'eau) | Yantreizh(sur l'eau) Tentacool
67%
Repaire Team Flare/ X Xerneas
67%
Y Yveltal
67%
4 Nodulithe et 1 Strassie
56%
Absol
56%
Antre Néréen(après avoir rencontré 10 fois un certain oiseau) | Pokémon mouvant/si Marisson est choisit Artikodin
56%
Baudrive
56%
Électhor
56%
Emolga
56%
Étourvol
56%
Hypocéan
56%
Y Kokiyas
56%
Lokhlass
56%
(hordes) Mime Jr
56%
Grotte Miroitante M.Mime
56%
Nodulithe
56%
Qulbutoké
56%
(fleurs jaunes) | Baie Azur | Route 12 Chemin Fourrage Ramoloss
56%
X Stari
56%
X Staross
56%
Sulfura
56%
Tarinor
56%
Ténéfix
56%
(hordes) Yanma
56%
Y Crustabri
44%
Étourmi
44%
Hariyama
44%
Y Judokrak
44%
X Karaclée
44%
Mamanbo
44%
Moufouette
44%
(hordes) Nirondelle
44%
Nucléos
44%
Pijako
44%
Qwilfish
44%
Y Rosabyss
44%
X Scarabrute
44%
Y Scarhino
44%
X Serpang
44%
Snubbull
44%
Route 8 Falaise Muraille Spoink
44%
Wattouat
44%
Coquiperl
33%
Loupio
33%
Octillery
33%
Pachirisu
33%
Rémoraid
33%
Babimanta
22%
Corayon
22%
Lanturn
22%
Korillon
11%
Aucun quiz correspondant
Distribution des résultats
% des personnes avec chaque résultat
Percentile par nombre de réponses
Votre historique - résultats
Vous n’avez pas pris ce quiz